Religion Quiz

Random Religion or Art Quiz

Gospels by Caravaggio Quiz Stats

 Plays Quiz not verified by Sporcle

Support Sporcle.
Go Orange.
Score 0/12 Timer 04:00
0 Plays Today
% Correct
Jesus is buried
69.8%
Jesus has supper at Emmaus
67.1%
Shepherds visit baby Jesus
65.3%
Doubting Thomas
64.2%
Jesus is born
59.7%
Pilate presents Jesus to the crowd
58.3%
Judas betrays Jesus
55.6%
John the Baptist dies
51.9%
Jesus is given a crown of thorns
49.9%
Jesus' family flee to Egypt
43.6%
Jesus calls Matthew
41.7%
Jesus is scourged
32.6%

You're not logged in!

Compare scores with friends on all Sporcle quizzes.
OR
Log In

From the Vault

Teammates 1st & 2nd in HR

by rk559

This quiz causes major league pitchers to cower in fear.
Remove Ads.
Support Sporcle.
Get the best of Sporcle when you Go Orange. This ad-free experience offers more features, more stats, and more fun while also helping to support Sporcle. Thank you for becoming a member.

Show Comments

Extras

Top Quizzes Today


Score Distribution

Your Account Isn't Verified!

In order to create a playlist on Sporcle, you need to verify the email address you used during registration. Go to your Sporcle Settings to finish the process.

Report this User

Report this user for behavior that violates our Community Guidelines.

Details: